| 000 | 01361nam a22003374a 4500 | ||
|---|---|---|---|
| 001 | ebr10040025 | ||
| 003 | CaPaEBR | ||
| 006 | m u | ||
| 007 | cr cn||||||||| | ||
| 008 | 020627s2002 dcua sb i000 0 eng | ||
| 010 | _z 2002068957 | ||
| 020 | _z0821351761 | ||
| 040 |
_aCaPaEBR _cCaPaEBR |
||
| 035 | _a(OCoLC)52722277 | ||
| 050 | 1 | 4 |
_aHG195 _b.F5365 2002eb |
| 082 | 0 | 4 |
_a332.1/09172/4 _221 |
| 245 | 0 | 0 |
_aFinancial sector policy for developing countries _h[electronic resource] : _ba reader / _cedited by Gerard Caprio, Patrick Honohan, Dimitri Vittas. |
| 260 |
_aWashington, DC : _bWorld Bank ; _aNew York : _bOxford University Press, _cc2002. |
||
| 300 |
_axviii, 250 p. : _bill. |
||
| 504 | _aIncludes bibliographical references. | ||
| 533 |
_aElectronic reproduction. _bPalo Alto, Calif. : _cebrary, _d2013. _nAvailable via World Wide Web. _nAccess may be limited to ebrary affiliated libraries. |
||
| 650 | 0 |
_aFinance _zDeveloping countries. |
|
| 650 | 0 |
_aBanks and banking _zDeveloping countries. |
|
| 650 | 0 | _aInternational finance. | |
| 655 | 7 |
_aElectronic books. _2local |
|
| 700 | 1 | _aCaprio, Gerard. | |
| 700 | 1 | _aHonohan, Patrick. | |
| 700 | 1 | _aVittas, Dimitri. | |
| 710 | 2 | _aebrary, Inc. | |
| 856 | 4 | 0 |
_uhttp://site.ebrary.com/lib/rucke/Doc?id=10040025 _zAn electronic book accessible through the World Wide Web; click to view |
| 999 |
_c60025 _d60025 |
||